000 00912nam a2200265Ia 4500
003 OSt
005 20221005104035.0
006 a|||||r|||| 00| 0
007 ta
008 221004b |||||||| |||| 00| 0 hin d
020 _a8170844105 (hbk)
_c150
024 _a3865
037 _b428, 11/03/2013, Eastern Book Linkers
_cTextual
040 _aCRL
_cCRL
_bhin
041 _2hin
_ahin
082 _aS:55, 152P9
100 _aझा, इंद्रमोहन
_9162619
245 0 _aकाम रहस्य
246 _aKām rahasya
260 _aदिल्ली
_bचौखम्बा संस्कृत प्रतिष्ठान भारत
_c2009
300 _a88पृ0
_ccm.
650 _aमनोविज्ञान
942 _hS:55, 152P9
_cTEXL
_2cc
999 _c1011563
_d1011563